On the brink (Record no. 34014)

MARC details
000 -LEADER
fixed length control field 00246nam a2200109Ia 4500
082 ## - DEWEY DECIMAL CLASSIFICATION NUMBER
Classification number 82-3
Item number STE
100 ## - MAIN ENTRY--AUTHOR NAME
Personal name Stein, Benjamin
245 #0 - TITLE STATEMENT
Title On the brink
700 ## - ADDED ENTRY--PERSONAL NAME
Personal name Stein, Herbert
942 ## - ADDED ENTRY ELEMENTS (KOHA)
Koha item type Books
Holdings
Withdrawn status Lost status Damaged status Not for loan Home library Current library Date acquired Full call number Accession Number Koha item type
        RRII Library RRII Library 16/12/2021 82-3 STE 14455 Books